Information transmission, modulation, and noise / (Record no. 182590)

000 -LEADER
fixed length control field 01415 a2200301 4500
003 - CONTROL NUMBER IDENTIFIER
control field Nust
005 - DATE AND TIME OF LATEST TRANSACTION
control field 20221209091550.0
010 ## - LIBRARY OF CONGRESS CONTROL NUMBER
LC control number 89027692
020 ## - INTERNATIONAL STANDARD BOOK NUMBER
International Standard Book Number 0070559090 :
040 ## - CATALOGING SOURCE
Transcribing agency Nust
082 00 - DEWEY DECIMAL CLASSIFICATION NUMBER
Classification number 621.382,SCH
100 1# - MAIN ENTRY--PERSONAL NAME
Personal name Schwartz, Mischa.
9 (RLIN) 78022
245 10 - TITLE STATEMENT
Title Information transmission, modulation, and noise /
Statement of responsibility, etc. Mischa Schwartz.
250 ## - EDITION STATEMENT
Edition statement 4th ed.
260 ## - PUBLICATION, DISTRIBUTION, ETC.
Place of publication, distribution, etc. New York :
Name of publisher, distributor, etc. McGraw-Hill
Date of publication, distribution, etc. c1990.
300 ## - PHYSICAL DESCRIPTION
Extent xv, 742 p. :
Other physical details ill. ;
Dimensions 25 cm.
440 #0 - SERIES STATEMENT/ADDED ENTRY--TITLE
Title McGraw-Hill series in electrical engineering
9 (RLIN) 20188
490 1# - SERIES STATEMENT
Series statement Communications and signal processing
505 ## - FORMATTED CONTENTS NOTE
Formatted contents note Introduction to Information Transmission (Page-1), Frequency Response of Linear Systems (Page-30), Digital Communication Systems (Page-95), Modulation Techniques (Page-202), Communication Networks (Page-323), Performance of Point to Point Communication Systems: Limitations Due to Noise (Page-408), Statistical Communication Theory and Digital Communications (Page-564).
650 #0 - SUBJECT ADDED ENTRY--TOPICAL TERM
Topical term or geographic name entry element Digital communications.
9 (RLIN) 237
650 #0 - SUBJECT ADDED ENTRY--TOPICAL TERM
Topical term or geographic name entry element Electronic noise.
9 (RLIN) 104526
650 #0 - SUBJECT ADDED ENTRY--TOPICAL TERM
Topical term or geographic name entry element Modulation (Electronics)
9 (RLIN) 98248
650 #0 - SUBJECT ADDED ENTRY--TOPICAL TERM
Topical term or geographic name entry element Telecommunication Engineering
830 #0 - SERIES ADDED ENTRY--UNIFORM TITLE
Uniform title McGraw-Hill series in electrical engineering.
9 (RLIN) 20188
856 42 - ELECTRONIC LOCATION AND ACCESS
Materials specified Publisher description
Uniform Resource Identifier <a href="http://www.loc.gov/catdir/description/mh022/89027692.html">http://www.loc.gov/catdir/description/mh022/89027692.html</a>
856 42 - ELECTRONIC LOCATION AND ACCESS
Materials specified Table of contents
Uniform Resource Identifier <a href="http://www.loc.gov/catdir/toc/mh021/89027692.html">http://www.loc.gov/catdir/toc/mh021/89027692.html</a>
942 ## - ADDED ENTRY ELEMENTS (KOHA)
Source of classification or shelving scheme
Koha item type Book
Holdings
Withdrawn status Lost status Source of classification or shelving scheme Damaged status Not for loan Permanent Location Current Location Shelving location Date acquired Full call number Barcode Date last seen Price effective from Koha item type Public note Collection code Total Checkouts
          Military College of Signals (MCS) Military College of Signals (MCS) General Stacks 12/12/2016 621.382,SCH MCS23096 12/08/2016 12/12/2016 Book Almirah No.35, Shelf No.5    
          Military College of Signals (MCS) Military College of Signals (MCS)   12/12/2016 621.382 SCH MCS7397 12/08/2016 12/12/2016 Book      
          Military College of Signals (MCS) Military College of Signals (MCS)   12/12/2016 621.382 SCH MCS9217 12/08/2016 12/12/2016 Book      
          Military College of Signals (MCS) Military College of Signals (MCS)   12/12/2016 621.382 SCH MCS9818 12/08/2016 12/12/2016 Book      
© 2023 Central Library, National University of Sciences and Technology. All Rights Reserved.